Un diálogo sobre el poder y otras conversaciones / (Record no. 148258)
[ view plain ]
| 000 -CABECERA | |
|---|---|
| campo de control de longitud fija | 00793nam a2200229 a 4500 |
| 005 - FECHA Y HORA DE LA ÚLTIMA TRANSACCIÓN | |
| campo de control | 20240925064708.0 |
| 008 - ELEMENTOS DE LONGITUD FIJA--INFORMACIÓN GENERAL | |
| campo de control de longitud fija | 020513m20012008mx r 000 0 spa d |
| 020 ## - NÚMERO INTERNACIONAL NORMALIZADO PARA LIBROS | |
| Número Internacional Estándar del Libro | 9788420638935 |
| 035 ## - NÚMERO DE CONTROL DEL SISTEMA | |
| Número de control de sistema | UPN01000176155 |
| 049 ## - COLECCIÓN | |
| Colección | CG |
| 050 #4 - SIGNATURA TOPOGRÁFICA DE LA BIBLIOTECA DEL CONGRESO | |
| Número de clasificación | HM291 |
| Número de documento/Ítem | F6.88 2001 |
| 100 1# - ASIENTO PRINCIPAL--NOMBRE PERSONAL | |
| Nombre de persona | Foucault, Michel, |
| Fechas asociadas al nombre | 1926-1984 |
| 245 13 - MENCIÓN DE TÍTULO | |
| Título | Un diálogo sobre el poder y otras conversaciones / |
| Mención de responsabilidad, etc. | Michel Foucault ; introd y tr. de Miguel Morey. |
| 250 ## - MENCIÓN DE EDICIÓN | |
| Mención de edición | Nueva ed. |
| 260 ## - PUBLICACIÓN, DISTRIBUCIÓN, ETC. | |
| Lugar de publicación, distribución, etc. | Madrid : |
| Nombre del editor, distribuidor, etc. | Alianza : |
| -- | Materiales, |
| Fecha de publicación, distribución, etc. | 2001 (2008 impr.). |
| 300 ## - DESCRIPCIÓN FÍSICA | |
| Extensión | 175 p. |
| 440 #3 - MENCIÓN DE SERIE/ASIENTO SECUNDARIO--TÍTULO | |
| Título | El libro de bolsillo ; |
| Designación de volumen o secuencia | 4428. |
| Nombre de parte o sección de la obra | Humanidades. |
| -- | Filosofía |
| 590 ## - NOTA LOCAL (RLIN) | |
| Nota local | (También localizas un ejemplar en el "Area de Reserva") |
| 590 ## - NOTA LOCAL (RLIN) | |
| Nota local | Bibliografía Básica (BGTQ) |
| 650 #4 - ASIENTO SECUNDARIO DE MATERIA - TERMINO TEMATICO | |
| Término de materia o nombre geográfico como elemento de entrada | Poder (Ciencias sociales) |
| 9 (RLIN) | 1203 |
| 905 ## - TIPO DE MATERIAL | |
| Tipo de material | Libro |
| Estado de retiro | Estado de pérdida | Fuente del sistema de clasificación o colocación | Estado dañado | No para préstamo | Código de colección | Localización permanente | Ubicación/localización actual | Ubicación en estantería | Total de préstamos | Clasificación | Código de barras | Fecha visto por última vez | Número de copia | Tipo de ítem Koha | Fecha de adquisición | Fecha del último préstamo | Restricciones de uso |
|---|---|---|---|---|---|---|---|---|---|---|---|---|---|---|---|---|---|
| Library of Congress Classification | Colección General | Bib. Gregorio Torres Quintero | Bib. Gregorio Torres Quintero | Planta baja | 21 | HM291 F6.88 2001 | 271716 | 31/12/2020 | 1 | Libro | |||||||
| Library of Congress Classification | Colección General | Bib. Gregorio Torres Quintero | Bib. Gregorio Torres Quintero | Planta baja | 21 | HM291 F6.88 2001 | 271718 | 31/12/2020 | 1 | Libro | |||||||
| Library of Congress Classification | Colección General | Bib. Gregorio Torres Quintero | Bib. Gregorio Torres Quintero | Planta baja | 25 | HM291 F6.88 2001 | 271717 | 07/12/2023 | 1 | Libro | 16/11/2023 | 16/11/2023 | |||||
| Library of Congress Classification | Bibliografía básica | Bib. Gregorio Torres Quintero | Bib. Gregorio Torres Quintero | Colecciones especiales Planta alta | HM291 F6.88 2001 | 271715 | 31/12/2020 | 1 | Libro por horas | 30/01/2023 | Préstamo por horas |
